NBA Top 100 All-Time: Assists - Statistics

General Stats
  • This quiz has been taken 6,111 times
    581 since last reset
  • The average score is 57 of 100
Answer Stats
# Player Assists % Correct
1 John Stockton 15,806
98%
4 LeBron James 12,016
98%
2 Chris Paul 12,552
96%
37 Jerry West 6,238
94%
12 James Harden 8,873
93%
3 Jason Kidd 12,091
92%
8 Magic Johnson 10,141
92%
5 Russell Westbrook 10,351
92%
27 Stephen Curry 6,743
92%
6 Steve Nash 10,335
91%
53 Michael Jordan 5,633
88%
46 Avery Johnson 5,846
85%
56 Dennis Johnson 5,499
85%
77 Joe Johnson 5,001
85%
29 Kevin Johnson 6,711
85%
41 Nikola Jokić 6,080
84%
64 Kevin Durant 5,280
83%
36 Kobe Bryant 6,326
81%
50 Larry Bird 5,695
81%
10 Isiah Thomas 9,061
80%
70 Julius Erving 5,176
80%
38 Scottie Pippen 6,135
80%
9 Oscar Robertson 9,887
79%
22 Bob Cousy 6,955
78%
21 Tony Parker 7,036
78%
24 Deron Williams 6,819
76%
49 Dwayne Wade 5,701
76%
92 Gus Williams 4,597
76%
91 Jason Williams 4,611
76%
61 Draymond Green 5,324
75%
54 Allen Iverson 5,624
74%
66 Rickey Green 5,221
74%
15 Rajon Rondo 7,584
72%
89 Wilt Chamberlain 4,643
72%
42 Damian Lillard 6,069
71%
11 Gary Payton 8,966
71%
13 Andre Miller 8,524
70%
7 Mark Jackson 10,334
68%
51 Kareem Abdul-Jabbar 5,660
67%
19 Kyle Lowry 7,110
67%
98 Randy Smith 4,487
67%
86 Paul Pierce 4,708
65%
20 Tim Hardaway 7,095
65%
65 Karl Malone 5,248
64%
81 Trae Young 4,868
64%
84 Vince Carter 4,714
64%
39 Clyde Drexler 6,125
62%
99 Giannis Antetokounmpo 4,484
61%
48 John Wall 5,735
61%
43 Baron Davis 6,025
60%
85 Brad Davis 4,709
60%
57 Kevin Garnett 5,445
59%
25 Mike Conley 6,782
59%
52 Chauncey Billups 5,636
57%
40 John Havlicek 6,114
56%
17 Lenny Wilkens 7,211
56%
69 DeMar DeRozan 5,185
55%
26 Jrue Holiday 6,762
54%
76 Walt Frazier 5,040
54%
82 Mark Price 4,863
51%
90 Joe Dumars 4,612
50%
30 Derek Harper 6,577
46%
62 Kevin Porter 5,314
45%
78 Rick Barry 4,952
45%
18 Terry Porter 7,160
45%
31 Tiny Archibald 6,476
44%
16 Maurice Cheeks 7,392
43%
55 Mike Bibby 5,517
43%
28 Muggsy Bogues 6,726
42%
58 Jason Terry 5,415
40%
32 Stephon Marbury 6,471
40%
45 Sam Cassell 5,939
39%
95 Hal Greer 4,540
37%
60 Damon Stoudamire 5,371
36%
68 Kenny Anderson 5,196
36%
14 Rod Strickland 7,987
36%
97 Jameer Nelson 4,508
34%
93 Jeff Teague 4,585
34%
72 Ricky Rubio 5,160
34%
59 Dave Bing 5,397
33%
80 Doc Rivers 4,889
33%
87 Fat Lever 4,696
33%
83 Gail Goodrich 4,805
32%
44 Mookie Blaylock 5,972
32%
94 Jamal Crawford 4,541
30%
33 John Lucas 6,454
28%
47 Nick Van Exel 5,777
28%
74 Andre Iguodala 5,147
27%
63 Jeff Hornacek 5,281
27%
35 Norm Nixon 6,386
24%
34 Reggie Theus 6,453
23%
73 Jose Calderon 5,148
22%
23 Guy Rodgers 6,917
21%
100 Brevin Knight 4,481
20%
67 Norm Van Lier 5,217
20%
75 Raymond Felton 5,096
20%
71 Sleepy Floyd 5,175
18%
79 Nate McMillan 4,893
16%
96 Sherman Douglas 4,536
13%
88 Louie Dampier 4,687
9%
No matching quizzes found
Score Distribution
Percent of People with Each Score
Percentile by Number Answered
Your Score History
You have not taken this quiz since the last reset